000 00218 a2200097 4500
001 47259
100 _aMontross, L
245 _aWar Through the Ages
260 _aNew York
_bHarper & Brother
_c
090 _c30303
_d30303
942 _aNUST-CAE
_cM
_c22563
999 _c282332
_d282332